000 00323 a2200133 4500
000 nam a22 7a 4500
100 _aS.M. Reddy
110 _aS.M. Reddy
245 _aMicrobial Physiology
250 _alatest edition
260 _bScientific Publishers
_c2024
264 _bScientific Publishers
_c2024
942 _cBK
999 _c395727
_d395727